000 00362 a2200121 4500
001 ART_12811
005 20260410161733.0
008 260409a
245 1 0 _aLa economia manda, la política obedece
100 1 _aPablo, Juan Carlos de
700 1 _aFraga, Rosendo
773 0 _tEjecutivos de finanzas
_g- Año 7, Nº 60 (oct. 1989)
_wREV2863
999 _c18055
_d18055